| 000 | 00489nam a2200181Ia 4500 | ||
|---|---|---|---|
| 001 | 44031 | ||
| 008 | 140428s9999 xx 000 0 und d | ||
| 020 | _aNA | ||
| 040 | _cPK-LaUMT | ||
| 082 |
_aRHC 891.4394 _bHAR-A |
||
| 100 | _aHaroon ur Rasheed | ||
| 245 |
_aAb unhain dhoond charagh-e-rukh zaiba le kar (Urdu) _cHaroon ur Rasheed |
||
| 260 |
_aSargodha,Pakistan: _bBazm-e-Ilmo fun, _c2003 |
||
| 300 | _a240 p. | ||
| 546 | _aUR | ||
| 650 | _aPakistani literature-Urdu | ||
| 942 | _cBK | ||
| 999 |
_c42031 _d42031 |
||